000 01296nam a2200253 a 4500
001 000031064
003 OSt
005 20260321073642.0
008 110613s2009 dr ac r 000 0 spa d
040 _aDO-SdBNP
_bspa
_cBNPHU
082 _a923.27293
_bB742C, 2009
100 _aCastro, Tomás,
_d1959-
_924641
245 1 0 _aJuan Bosch para estudiantes /
_cTomás Castro Burdiéz.
260 _aSanto Domingo :
_bEducarte,
_c2009.
300 _a76 p. :
_bil., retrs. ;
_c21 cm.
504 _aBibliografía : p. 69-79
505 0 _aIntroducción --
_tViaje a la vida y obra de Juan Bosch --
_tUn poema de Pablo Neruda--
_tVersainograma a Santo Domingo desde la Isla Negra (Chile), Pablo Neruda --
_tPensamiento de Juan Bosch --
_tbreve muestra de su obra literaria --
_tUn Cuento :La mujer --
_tUn poema : El poeta --
_tUna cansión : La gaviota --
_tUna Crónica --
_tApuntes sobre sobre el arte de escribir cuentos --
_tReseña de sus obras más importantes --
_tBibliografía completa de Bosch --
_tBibliografía.
590 _aInventariado, 2019/ YL
600 1 0 _a Bosch, Juan,
_d1909-2001
_976555
650 4 _aRepública Dominicana
_vBiografías
_957541
710 2 _aFundación para Educación y el Arte (República Domingo)
_957542
910 _aValidado. Control de calidad MFF
942 _2ddc
_cLBS1
999 _c30556
_d30556